[Event "Dewan Astana Karnival op"]
[Site "Dewan Astana"]
[Date "2015.08.01"]
[Round "7"]
[White "Aaron, Chang Duan Xian"]
[Black "See, Kai Jun"]
[Result "1/2-1/2"]
[WhiteElo "1552"]
[BlackElo "1313"]
[PlyCount "131"]
[EventDate "2015.07.29"]
[EventType "swiss"]
[EventRounds "7"]
[EventCountry "MAS"]
[SourceTitle "EXT 2017"]
[Source "ChessBase"]
[SourceDate "2016.10.25"]
[SourceVersion "1"]
[SourceVersionDate "2016.10.25"]
[SourceQuality "1"]

1. e4 c5 2. Ne2 Nc6 3. Nbc3 d6 4. d4 cxd4 5. Nxd4 g6 6. g3 Bg7 7. Nde2 Nf6 8. Bg2 0-0 9. 0-0 Bd7 10. h3 Rc8 11. Be3 Qc7 12. Qd2 Rfd8 13. Bh6 Bh8 14. Qg5 Qb6 15. Rab1 Ne5 16. Kh2 Bc6 17. f4 Nfg4+ 18. hxg4 Bf6 19. fxe5 Bxg5 20. Bxg5 dxe5 21. Bxe7 Rd7 22. Bf6 Bb5 23. Nxb5 Qxb5 24. Nc3 Qc5 25. Nd5 Qf8 26. c3 b5 27. Bxe5 Qh6+ 28. Bh3 Qd2+ 29. Kh1 Kf8 30. Bf4 Qe2 31. Bh6+ Ke8 32. Nf6+ Ke7 33. Nxd7 g5 34. Ne5 f6 35. Nf3 Kf7 36. Nxg5+ Kg6 37. Ne6 Qxe4+ 38. Kh2 Qe2+ 39. Kh1 Qxe6 40. Bf4 Re8 41. Rf2 Qxa2 42. Rbf1 f5 43. gxf5+ Kf7 44. g4 Rd8 45. g5 Rd3 46. Bg2 Qa6 47. Bf3 Qb6 48. Bh5+ Kg8 49. g6 Rh3+ 50. Rh2 Qc6+ 51. Bf3 Rxf3 52. gxh7+ Kf7 53. Rxf3 Qxf3+ 54. Kg1 Qxf4 55. h8Q Qc1+ 56. Kg2 Qd2+ 57. Kh3 Qe3+ 58. Kg4 Qe4+ 59. Kg5 Qe3+ 60. Kh5 Qf3+ 61. Kh4 Qf4+ 62. Kh3 Qf3+ 63. Kh4 Qf4+ 64. Kh3 Qf3+ 65. Kh4 Qf4+ 66. Kh3 1/2-1/2

[Event "Dewan Astana Karnival op"]
[Site "Dewan Astana"]
[Date "2015.07.29"]
[Round "1"]
[White "Aaron, Chang Duan Xian"]
[Black "Saw, Kai Jie"]
[Result "1-0"]
[WhiteElo "1552"]
[BlackElo "1228"]
[PlyCount "69"]
[EventDate "2015.07.29"]
[EventType "swiss"]
[EventRounds "7"]
[EventCountry "MAS"]
[SourceTitle "EXT 2017"]
[Source "ChessBase"]
[SourceDate "2016.10.25"]
[SourceVersion "1"]
[SourceVersionDate "2016.10.25"]
[SourceQuality "1"]

1. e4 e5 2. Nf3 Nc6 3. Bc4 h6 4. d4 exd4 5. Nxd4 Nxd4 6. Qxd4 Ne7 7. 0-0 Nc6 8. Qd5 Qf6 9. c3 Be7 10. Nd2 Ne5 11. Be2 d6 12. f4 c6 13. Qb3 Ng6 14. e5 Qf5 15. Nc4 dxe5 16. Nxe5 0-0 17. Bd3 Qh5 18. Bxg6 Qe2 19. Bxf7+ Kh7 20. Bg6+ Kh8 21. Bd3 Qh5 22. Ng6+ Qxg6 23. Bxg6 Bc5+ 24. Kh1 b6 25. Qc2 Ba6 26. Bd3 Bxd3 27. Qxd3 Rad8 28. Qc2 Rde8 29. b4 Bd6 30. Bb2 Bxf4 31. c4 Kg8 32. Qg6 Re7 33. Rae1 Rf6 34. Bxf6 Rd7 35. Re8# 1-0